SERGE MARTIN, Les Cahiers du Chemin (1967-1977) de Georges Lambrichs. Poétique d’une revue littéraire. Paris, Honoré Champion, 2013. Un vol. de 220 p. (notice n° 1655388)
[ vue normale ]
| 000 -LEADER | |
|---|---|
| fixed length control field | 00625cam a2200145 4500500 |
| 005 - DATE AND TIME OF LATEST TRANSACTION | |
| control field | 20260208010150.0 |
| 041 ## - LANGUAGE CODE | |
| Language code of text/sound track or separate title | fre |
| 042 ## - AUTHENTICATION CODE | |
| Authentication code | dc |
| 100 10 - MAIN ENTRY--PERSONAL NAME | |
| Personal name | Rey, Pierre-Louis |
| Relator term | author |
| 245 00 - TITLE STATEMENT | |
| Title | SERGE MARTIN, Les Cahiers du Chemin (1967-1977) de Georges Lambrichs. Poétique d’une revue littéraire. Paris, Honoré Champion, 2013. Un vol. de 220 p. |
| 260 ## - PUBLICATION, DISTRIBUTION, ETC. | |
| Date of publication, distribution, etc. | 2014.<br/> |
| 500 ## - GENERAL NOTE | |
| General note | 28 |
| 786 0# - DATA SOURCE ENTRY | |
| Note | Revue d'histoire littéraire de la France | 114 | 2 | 2014-04-14 | p. 460u-495u | 0035-2411 |
| 856 41 - ELECTRONIC LOCATION AND ACCESS | |
| Uniform Resource Identifier | <a href="https://shs.cairn.info/revue-d-histoire-litteraire-de-la-france-2014-2-page-460u?lang=fr&redirect-ssocas=7080">https://shs.cairn.info/revue-d-histoire-litteraire-de-la-france-2014-2-page-460u?lang=fr&redirect-ssocas=7080</a> |
Pas d'exemplaire disponible.




Réseaux sociaux